000
00187 a2200097 4500
020
_a
9780545164405
041
_a
eng
100
_a
Lynn Maslen Kertell
245
_a
The Parade
942
_c
K
999
_c
27834
_d
27834